Alexanders Care Of The Patient In Surgery (Record no. 156072)

MARC details
000 -LEADER
fixed length control field 00411nam a2200145Ia 4500
008 - FIXED-LENGTH DATA ELEMENTS--GENERAL INFORMATION
fixed length control field 230411s9999 xx 000 0 und d
020 ## - INTERNATIONAL STANDARD BOOK NUMBER
International Standard Book Number 0-323-03927-8
041 ## - LANGUAGE CODE
Language code of text/sound track or separate title eng
082 ## - DEWEY DECIMAL CLASSIFICATION NUMBER
Classification number S/610.73677/ROT/MCE/B05551
100 ## - MAIN ENTRY--PERSONAL NAME
Personal name Mcewwn D & Rothrock Jane
9 (RLIN) 178596
245 ## - TITLE STATEMENT
Title Alexanders Care Of The Patient In Surgery
260 ## - PUBLICATION, DISTRIBUTION, ETC. (IMPRINT)
Name of publisher, distributor, etc. Mosby Elsevier
Place of publication, distribution, etc. Missouri
Date of publication, distribution, etc. 2007
300 ## - PHYSICAL DESCRIPTION
Extent 1247p
Holdings
Withdrawn status Lost status Damaged status Not for loan Collection code Home library Current library Date acquired Vendor Cost, normal purchase price Bill number Total Checkouts Full call number Barcode Date last seen Cost, replacement price Bill Date Koha item type Original Barcode
          Smt. Bakul Tambat Institute of Nursing Education Smt. Bakul Tambat Institute of Nursing Education 30/12/2008 A.D.Kansara Pune. 4641.42 159   S 610.73677 ROT MCE B05551 BTIN-BK-5551 11/04/2023 3481.00 30/12/2008 Books B05551